00699nam a2200205 i 450000100060000000300090000600500170001500700030003200800410003510000280007624500580010425000120016226000400017430000300021449000350024483000430027985200320032299900170035495201220037188150ES-MaACL20250831124737.0t|050103s1962 sp ||||1| spa d1 aLagoma, Alfonso.96959110aEsquemas de aparatos modernos / cpor Alfonso Lagoma. a3ª ed. aBarcelona : bJuan Bruguer, c1962. a222 p. : bil. ; c17 cm.1 aBiblioteca práctica de Radio00aBiblioteca práctica de radio9184054 aES-MaACLjC-23285 bR.51450 c88150d88150 00104070aATENEOMbATENEOMcDEPO2d2008-01-17eSCl0oC-23285p1092084r2023-02-23 00:00:00w2023-02-23yMONOGRAFIA